000 00370nam a2200157Ia 4500
003 Ost
005 20260225132542.0
008 260225s9999||||xx |||||||||||||| ||und||
040 _cfsic
041 _afre
082 _a323.21
100 _aPierre Milza
_eAuteur
245 0 _aLe Fascisme Italien et la presse française /
245 0 _cPierre Milza
942 _cكتاب
999 _c33562
_d33562